| 000 | 01725cam a22004097a 4500 | ||
|---|---|---|---|
| 003 | CHAP | ||
| 005 | 20220329142035.0 | ||
| 008 | 990412d1999 mx b rs o00110 spa d | ||
| 010 | _a77446 | ||
| 011 | _a78418 | ||
| 020 | _a9701315928 | ||
| 035 | _a88348 | ||
| 040 | _cCHAP | ||
| 082 | 0 | 4 |
_a338.17 _bI56 Ver. |
| 110 | 2 |
_aInstituto Nacional de Estadística, Geografía e Informática. México _959304 |
|
| 245 | 1 | 0 |
_aDestino de la producción agropecuaria en el estado de : _bVeracruz _c/por Instituto Nacional de Estadística, Geografía e Informática |
| 260 |
_aAguascalientes, Ags. : _bInstituto Nacional de Estadística, Geografía e Informática, _c1997. |
||
| 300 |
_a61 : _bgráfs. ; mapas ; cuadros |
||
| 590 |
_aBATCH-UPD _b10 _c20130110 _lUCH01 _h0327 |
||
| 590 |
_aBATCH-UPD _b10 _c20130110 _lUCH01 _h2053 |
||
| 590 |
_aBATCH-UPD _b10 _c20130410 _lUCH01 _h0000 |
||
| 590 |
_aBATCH-UPD _b10 _c20130410 _lUCH01 _h1441 |
||
| 590 |
_aBATCH-UPD _b10 _c20130914 _lUCH01 _h0955 |
||
| 590 |
_aCONVERSION _b10 _c20130109 _lUCH01 _h1343 |
||
| 650 | 1 | 4 |
_aAgricultura _xEstadisticas _zVeracruz. _91471 |
| 650 | 1 | 4 |
_aClima _zVeracruz. _923860 |
| 650 | 1 | 4 |
_aGanadería _xEstadísticas _zVeracruz. _944730 |
| 650 | 1 | 4 |
_aProductos agrícolas _xEstadísticas _zVeracruz. _991944 |
| 650 | 1 | 4 |
_aProductos pecuarios _xEstadísticas _zVeracruz. _992173 |
| 650 | 1 | 4 |
_aSuelos _zVeracruz. _9110530 |
| 901 | _aBK | ||
| 905 | _aLilia Sánchez G. | ||
| 942 | _cLIBRO | ||
| 949 |
_a338.17 I56 Ver. _bBC _cINEGI _d33724000720165 _eINEGI _fc.2 _gI. c/e _h95024 _i88348 _sb |
||
| 949 |
_a338.17 I56 Ver. _bBC _cINEGI _d33724000720173 _eINEGI _gI. c/e _h95023 _i88348 _sb |
||
| 949 |
_a338.17 I56 Ver. _bBC _cINEGI _d33724000835427 _eINEGI _fc.3 _gDonaciØn _h100359 _i88348 _si |
||
| 999 |
_c77446 _d77446 |
||